Loading...
| History - American | 0 | 8 | 1 | 1 | 75 | 35 | 70.38 | 3 | 6 | 0.00 | 0.00 |
| History - World | 0 | 8 | 1 | 1 | 75 | 6 | 60.50 | 4 | 7 | 0.00 | 0.00 |
| History - European | 0 | 6 | 2 | 0 | 50 | 10 | 47.00 | 4 | 6 | 0.00 | 0.00 |
| History - Other | 0 | 4 | 1 | 0 | 35 | 47 | 56.50 | 1 | 3 | 0.00 | 0.00 |
| Religion | 0 | 3 | 1 | 0 | 25 | 75 | 93.67 | 0 | 2 | 0.00 | 0.00 |
| Pop Culture | 0 | 2 | 0 | 0 | 20 | 63 | 66.00 | 0 | 1 | 0.00 | 0.00 |
| Social Science | 0 | 2 | 0 | 0 | 20 | 73 | 88.00 | 1 | 2 | 0.00 | 0.00 |
| Philosophy | 0 | 2 | 1 | 0 | 15 | 74 | 104.50 | 0 | 1 | 0.00 | 0.00 |
| Literature - American | 0 | 1 | 0 | 0 | 10 | 104 | 104.00 | 0 | 1 | 0.00 | 0.00 |
| Fine Arts - Painting and Sculpture | 0 | 1 | 0 | 0 | 10 | 51 | 51.00 | 0 | 1 | 0.00 | 0.00 |
| Current Events | 0 | 1 | 0 | 0 | 10 | 32 | 32.00 | 1 | 1 | 0.00 | 0.00 |
| Other Academic | 0 | 1 | 0 | 0 | 10 | 93 | 93.00 | 0 | 1 | 0.00 | 0.00 |
| Literature - World | 0 | 0 | 1 | 0 | -5 | 0.00 | 0 | 0 | 0.00 | 0.00 |